Amsterdam law forum

Saved in:
Bibliographic Details
Previous Title:Griffin's view on international and comparative law
Corporate Author: Vrije Universiteit Amsterdam. Faculteit der Rechtsgeleerdheid.
Format: Electronic
Language:English
Published: Amsterdam : VU University Library
Subjects:
Tags: Add Tag
No Tags, Be the first to tag this record!
LEADER 01013nas a2200289 a 4500
001 011574487-8
005 20090814163519.0
008 080926c20089999ne qr pss 0 0eng c
010 |a  2008234161 
022 |a 1876-8156 
035 0 |a ocn257720867 
040 |a HVL  |c HVL  |d HVL 
042 |a lcd 
050 4 |a K1 
245 0 0 |a Amsterdam law forum  |h [electronic resource]. 
260 |a Amsterdam :  |b VU University Library 
310 |a Quarterly 
362 1 |a Began with: Vol. 1, no. 1 (2008). 
500 |a Description based on: Vol. 1, no. 1 (2008); title from table of contents page. 
550 |a Issued by the Faculty of Law, VU University Amsterdam. 
650 0 |a International law  |v Periodicals. 
650 0 |a Comparative law  |v Periodicals. 
650 0 |a Law  |z Europe  |v Periodicals. 
710 2 |a Vrije Universiteit Amsterdam.  |b Faculteit der Rechtsgeleerdheid. 
780 0 0 |t Griffin's view on international and comparative law  |x 1567-875X  |w (DLC) 2008234134  |w (OCoLC)49647160 
988 |a 20080926 
906 |0 MH